El hombre en el trabajo: insatisfacción y conflicto

-д хадгалсан:
Номзүйн дэлгэрэнгүй
Үндсэн зохиолч: Quintanilla Pardo, Ismael (Зохиогч)
Формат: Ном
Хэл сонгох:испани
Хэвлэсэн: Valencia Promolibro 1984
Цуврал:Promoción del libro Universitario
Нөхцлүүд:
Шошгууд: Шошго нэмэх
Шошго байхгүй, Энэхүү баримтыг шошголох эхний хүн болох!

MARC

LEADER 00000nam a2200000 a 4500
001 UCX9645
003 CL-VaPUC
008 940621e19840000SP |||||||||||||||||spa|d
082 0 4 |a 158.7  |b QUI  |2 21 
100 0 |a Quintanilla Pardo, Ismael  |e author  |9 327099 
245 1 3 |a El hombre en el trabajo: insatisfacción y conflicto 
300 |a 141 p 
942 |c BK 
945 |d 19940621 00:00:00  |a rbrito 
260 |a Valencia  |b Promolibro  |c 1984 
650 0 |a Psicología industrial  |9 271739 
650 0 |a Psicología aplicada   |9 270762 
583 |a last modification  |c 19940621 00:00:00  |k Rodrigo Vera 
490 0 |a Promoción del libro Universitario 
999 |c 228824  |d 228822 
952 |0 0  |1 0  |4 0  |6 158_700000000000000_QUI_1984  |7 0  |8 A  |9 229272  |a BIBEDU  |b BIBEDU  |d 2019-11-15  |i 2984814  |o 158.7 QUI 1984  |p 2984814  |r 2019-11-15  |w 2019-11-15  |y BK  |k EDU